| 000 | 00418nam a2200145Ia 4500 | ||
|---|---|---|---|
| 005 | 20250703020808.0 | ||
| 008 | 240331s9999 xx 000 0 und d | ||
| 082 |
_bMIH _a920 |
||
| 100 | _aMihindukula,S | ||
| 245 | 0 | _aRukmani devi niliya gayikawa ha janapriya sanskruthiya | |
| 260 |
_aSri Lanka _bSuraji Publishers _c1989 |
||
| 300 | _a48 p ., | ||
| 500 | _aRukmani Devi Actress Singer and Popular Culture | ||
| 942 | _cL | ||
| 999 |
_c5296 _d5296 |
||